000 00684nam a2200217 i 4500
001 75931
003 ES-MaACL
005 20250801034158.0
007 t|
008 040928s1945 sp |||| | spa d
100 1 _aGuardini, Romano.
_960319
245 1 3 _aLa esencia del cristianismo /
_cRomano Guardini ; versión del alemán por Felipe González Vicén.
260 _aMadrid :
_bNueva Epoca,
_c1945 (
_fUguina)
300 _a80 p. ;
_c25 cm.
490 1 _aLa obra del espíritu
650 0 7 _aCristianismo
_2embne
_911425
700 1 _aGonzález Vicen, Felipe.
_959017
830 0 _aLa obra del espíritu
_9185672
852 _aES-MaACL
_j1634-F-16
999 _c75931
_d75931